Central Library OPAC University of Rajshahi

Hilbert's fourth problem / (Record no. 50826)

MARC details
000 -LEADER
fixed length control field 01148nam a2200301 a 4500
001 - CONTROL NUMBER
control field 50826
003 - CONTROL NUMBER IDENTIFIER
rucl marc code BD-RjUL
005 - DATE AND TIME OF LATEST TRANSACTION
control field 20211209075554.0
008 - FIXED-LENGTH DATA ELEMENTS--GENERAL INFORMATION
fixed length control field 160828s1979 dcua b 001 0 eng
020 ## - INTERNATIONAL STANDARD BOOK NUMBER
International Standard Book Number 0470267356 (Halsted)
035 ## - SYSTEM CONTROL NUMBER
System control number (BD-RjUL)50946
040 ## - CATALOGING SOURCE
Original cataloging agency DLC
Transcribing agency DLC
Modifying agency BD-RjUL
Language of cataloging eng
041 1# - LANGUAGE CODE
Language code of text/sound track or separate title eng
Language code of original rus
082 00 - DEWEY DECIMAL CLASSIFICATION NUMBER
Classification number 516.1
Edition number 23
Author mark and year POH 1979
100 1# - MAIN ENTRY--PERSONAL NAME
Personal name Pogorelov, A. V.
Fuller form of name (Alekseĭ Vasilʹevich),
Dates associated with a name 1919-2002.
9 (RLIN) 152142
245 10 - TITLE STATEMENT
Title Hilbert's fourth problem /
Statement of responsibility, etc. Aleksei Vasilʹevich Pogorelov ; translated by Richard A. Silverman ; edited by Irwin Kra, in cooperation with Eugene Zaustinskiy.
260 ## - PUBLICATION, DISTRIBUTION, ETC. (IMPRINT)
Place of publication, distribution, etc. Washington :
Name of publisher, distributor, etc. V. H. Winston ;
Place of publication, distribution, etc. New York :
Name of publisher, distributor, etc. distributed solely by Halsted Press,
Date of publication, distribution, etc. c1979.
300 ## - PHYSICAL DESCRIPTION
Pagination vi, 97 p. :
Illustrations ill, ;
Size 23 cm.
500 ## - GENERAL NOTE
General note Translation of Chetvertai︠a︡ problema Gilʹberta.
General note Includes index.
504 ## - BIBLIOGRAPHY, ETC. NOTE
Bibliography, etc Bibliography: p. 93-94.
650 #0 - SUBJECT ADDED ENTRY--TOPICAL TERM
Topical term or geographic name as entry element Geometry
General subdivision Foundations.
9 (RLIN) 151583
700 1# - ADDED ENTRY--PERSONAL NAME
Personal name Kra, Irwin.
Personal name Zaustinskiy, Eugene.
942 ## - ADDED ENTRY ELEMENTS (KOHA)
Source of classification or shelving scheme Dewey Decimal Classification
Koha item type Books
Holdings
Lost status Source of classification or shelving scheme Damaged status Not for loan Collection code Permanent Location Current Location Shelving location Date acquired Cost, normal purchase price Total Checkouts Full call number Date last seen Copy number Koha item type
  Dewey Decimal Classification     Non-fiction Central Library, University of Rajshahi Central Library, University of Rajshahi   26/12/1983 0.00   516.1 POH 1979 28/08/2016 C-2 Books